The Marking of an Expert Engineer (Record no. 351393)

000 -LEADER
fixed length control field 00517nam a22001937a 4500
003 - CONTROL NUMBER IDENTIFIER
control field OSt
005 - DATE AND TIME OF LATEST TRANSACTION
control field 20180116183045.0
008 - FIXED-LENGTH DATA ELEMENTS--GENERAL INFORMATION
fixed length control field 160506b xxu||||| |||| 00| 0 eng d
020 ## - INTERNATIONAL STANDARD BOOK NUMBER
International Standard Book Number 0
040 ## - CATALOGING SOURCE
Transcribing agency 0
082 ## - DEWEY DECIMAL CLASSIFICATION NUMBER
Classification number 620 TRE 2016
100 ## - MAIN ENTRY--PERSONAL NAME
Personal name James Trevelyan
245 ## - TITLE STATEMENT
Title The Marking of an Expert Engineer
Statement of responsibility, etc. James Trevelyan
250 ## - EDITION STATEMENT
Edition statement Special Pakistan Edition
260 ## - PUBLICATION, DISTRIBUTION, ETC.
Place of publication, distribution, etc. Pakistan
Name of publisher, distributor, etc. CRC Press
Date of publication, distribution, etc. 2016
300 ## - PHYSICAL DESCRIPTION
Extent 581 p.
Other physical details PB
440 ## - SERIES STATEMENT/ADDED ENTRY--TITLE
Title The Marking of an Expert Engineer
942 ## - ADDED ENTRY ELEMENTS (KOHA)
Source of classification or shelving scheme
Koha item type Book
Call number prefix 620 TRE 2016
Holdings
Withdrawn status Lost status Source of classification or shelving scheme Damaged status Not for loan Collection code Permanent Location Current Location Shelving location Date acquired Total Checkouts Full call number Barcode Date last seen Price effective from Koha item type
            Central Library (CL) Central Library (CL) General Stacks 05/06/2016   620 TRE 2016 NBSD-2434 09/01/2016 05/06/2016 Book
© 2023 Central Library, National University of Sciences and Technology. All Rights Reserved.